[Event "Rhein Main op-A 25th"]
[Site "Bad Homburg"]
[Date "2023.06.08"]
[Round "2"]
[White "Sigurdsson, Snorri Thor"]
[Black "Lindam, Ingo"]
[Result "1-0"]
[WhiteElo "1964"]
[BlackElo "2177"]
[PlyCount "73"]
[EventDate "2023.06.07"]
[EventType "swiss"]
[EventRounds "7"]
[EventCountry "GER"]
[SourceTitle "CBM 215 Extra"]
[Source "ChessBase"]
[SourceDate "2023.09.30"]
[SourceVersion "1"]
[SourceVersionDate "2023.09.30"]
[SourceQuality "1"]

1. d4 d5 2. Nc3 Nf6 3. Bf4 g6 4. e3 c6 5. h4 h6 6. Nf3 Bg4 7. Qd2 Bxf3 8. gxf3 Bg7 9. e4 e6 10. 0-0-0 b5 11. e5 Nfd7 12. h5 g5 13. Be3 f5 14. exf6 Qxf6 15. f4 gxf4 16. Bxf4 Rf8 17. Bd6 Rf7 18. Rg1 Nf8 19. f4 Nbd7 20. Bh3 0-0-0 21. a4 a6 22. axb5 axb5 23. Nxb5 Nb6 24. Qa5 Rb7 25. Be5 Qh4 26. Na7+ Rxa7 27. Qxa7 Bxe5 28. fxe5 Nbd7 29. Bf1 Nb8 30. Ba6+ Nxa6 31. Qxa6+ Kc7 32. Qa7+ Kc8 33. Qb6 Rd7 34. Qxc6+ Kb8 35. Rg8 Qf4+ 36. Kb1 Rd8 37. Rd3 1-0

[Event "Rhein Main op-A 25th"]
[Site "Bad Homburg"]
[Date "2023.06.07"]
[Round "1"]
[White "Fuerhoff, Simone"]
[Black "Sigurdsson, Snorri Thor"]
[Result "0-1"]
[WhiteElo "1601"]
[BlackElo "1964"]
[PlyCount "106"]
[EventDate "2023.06.07"]
[EventType "swiss"]
[EventRounds "7"]
[EventCountry "GER"]
[SourceTitle "CBM 215 Extra"]
[Source "ChessBase"]
[SourceDate "2023.09.30"]
[SourceVersion "1"]
[SourceVersionDate "2023.09.30"]
[SourceQuality "1"]

1. d4 d5 2. c4 c6 3. a4 Nf6 4. Nc3 e6 5. Nf3 Bb4 6. e3 0-0 7. Bd3 Nbd7 8. 0-0 Re8 9. Qc2 h6 10. Ne5 c5 11. Nb5 a6 12. Nc3 Qb6 13. Nxd7 Bxd7 14. dxc5 Bxc5 15. a5 Qc7 16. cxd5 exd5 17. Ne2 Rac8 18. Bd2 Ne4 19. Bxe4 Rxe4 20. Ng3 Rc4 21. Qb3 Bb5 22. Rfc1 Rxc1+ 23. Rxc1 Bc4 24. Qa4 Qe5 25. Bc3 Qe6 26. Qd1 g6 27. b4 Ba7 28. Bd4 Bb8 29. Qf3 Bd6 30. Bc3 h5 31. Qd1 Be5 32. Bxe5 Qxe5 33. Qd4 Qxd4 34. exd4 Re8 35. f3 Re3 36. Rb1 Rd3 37. Ne2 Rd2 38. Nc3 Rxd4 39. Rd1 Rxd1+ 40. Nxd1 Kg7 41. Kf2 Kf6 42. Nb2 Bb5 43. Ke3 Ke5 44. Nd1 d4+ 45. Kd2 f5 46. g3 g5 47. Nb2 g4 48. fxg4 hxg4 49. Ke1 Ke4 50. Kf2 d3 51. Nd1 d2 52. Nb2 Ba4 53. Ke2 d1Q+ 0-1

[Event "ISL-ch Online Rapid"]
[Site "Tornelo INT"]
[Date "2020.12.26"]
[Round "5"]
[White "Stefansson, Vignir Vatnar"]
[Black "Sigurdsson, Snorri Thor"]
[Result "1-0"]
[WhiteElo "2314"]
[BlackElo "2000"]
[PlyCount "65"]
[EventDate "2020.12.26"]
[EventType "tourn (rapid)"]
[EventRounds "7"]
[EventCountry "ISL"]
[SourceTitle "CBM 199 Extra"]
[Source "ChessBase"]
[SourceDate "2021.01.31"]
[SourceVersion "1"]
[SourceVersionDate "2021.01.31"]
[SourceQuality "1"]

1. d4 d5 2. c4 c6 3. Nc3 dxc4 4. a4 e5 5. dxe5 Qxd1+ 6. Kxd1 Na6 7. e4 Be6 8. Bg5 h6 9. Bd2 Bc5 10. f4 g6 11. Nf3 0-0-0 12. h3 h5 13. Ng5 Nb4 14. Nxe6 fxe6 15. Bxc4 Be3 16. Nb1 Bxf4 17. Ke2 Bxd2 18. Nxd2 Nc2 19. Raf1 Nd4+ 20. Kd1 Rh7 21. Rf2 c5 22. Rhf1 Ne7 23. Rf6 g5 24. Bxe6+ Nxe6 25. Rxe6 Nc6 26. Rd6 Nxe5 27. Rxd8+ Kxd8 28. Rf5 Nd3 29. Nc4 g4 30. h4 Re7 31. b3 Rxe4 32. Rd5+ Kc7 33. Rxd3 1-0

[Event "Akureyri Icelandic op"]
[Site "Akureyri"]
[Date "2019.05.29"]
[Round "6"]
[White "Sigurdsson, Snorri Thor"]
[Black "Pinto, Mark A"]
[Result "1/2-1/2"]
[WhiteElo "1965"]
[BlackElo "2082"]
[PlyCount "164"]
[EventDate "2019.05.25"]
[EventType "swiss"]
[EventRounds "9"]
[EventCountry "ISL"]
[SourceTitle "CBM 190 Extra"]
[Source "ChessBase"]
[SourceDate "2019.07.15"]
[SourceVersion "1"]
[SourceVersionDate "2019.07.15"]
[SourceQuality "1"]

1. d4 d5 2. Bf4 Nf6 3. e3 c5 4. dxc5 Qa5+ 5. Nc3 Qxc5 6. Nb5 Na6 7. Be5 Bd7 8. Bd4 Qc8 9. Nxa7 Qb8 10. Nb5 e5 11. Bc3 Nb4 12. a4 Bc5 13. Nf3 Nc6 14. Be2 0-0 15. 0-0 Rd8 16. b3 Bg4 17. h3 Bh5 18. Nh4 Bxe2 19. Qxe2 Qc8 20. Nf3 Qf5 21. Rfd1 Rac8 22. Bb2 Re8 23. Rac1 d4 24. exd4 exd4 25. Qd3 Ne4 26. Nbxd4 Nxd4 27. Bxd4 Rcd8 28. c3 Bd6 29. Re1 Bf4 30. Rc2 Re6 31. Rce2 Rde8 32. b4 h5 33. h4 Qg6 34. Be3 Bb8 35. Nd4 R6e7 36. Qc2 Qd6 37. Nf3 Re6 38. Bc1 f5 39. g3 Qb6 40. Kg2 Rc8 41. Rxe4 fxe4 42. Rxe4 Rf6 43. Be3 Qc6 44. Bd4 Rff8 45. Ng5 Rce8 46. Kg1 Rxe4 47. Qxe4 Qxe4 48. Nxe4 Re8 49. Nc5 Re7 50. a5 Ba7 51. Kg2 Kf7 52. Kf3 Bxc5 53. Bxc5 Re1 54. Be3 Ke6 55. Kf4 g6 56. Ke4 Rd1 57. c4 Rb1 58. b5 Rb4 59. Kd3 Rb3+ 60. Kc2 Ra3 61. Bb6 Kd6 62. Kb2 Ra4 63. Kb3 Ra1 64. Kc3 Rc1+ 65. Kd4 Rd1+ 66. Ke4 Rb1 67. Kf4 Ke6 68. Kg5 Kf7 69. f3 Rb4 70. g4 Rxc4 71. a6 bxa6 72. bxa6 Ra4 73. a7 hxg4 74. fxg4 Kg7 75. Bd4+ Kf7 76. Kh6 Ra5 77. Kh7 Ra6 78. g5 Ra3 79. Be3 Ra4 80. Bf2 Ra3 81. Kh8 Ra1 82. Kh7 Ra3 1/2-1/2

[Event "Akureyri Icelandic op"]
[Site "Akureyri"]
[Date "2019.05.27"]
[Round "4"]
[White "Sigurdsson, Snorri Thor"]
[Black "Ptacnikova, Lenka"]
[Result "1-0"]
[WhiteElo "1965"]
[BlackElo "2145"]
[PlyCount "125"]
[EventDate "2019.05.25"]
[EventType "swiss"]
[EventRounds "9"]
[EventCountry "ISL"]
[SourceTitle "CBM 190 Extra"]
[Source "ChessBase"]
[SourceDate "2019.07.15"]
[SourceVersion "1"]
[SourceVersionDate "2019.07.15"]
[SourceQuality "1"]

1. d4 Nf6 2. Bg5 e6 3. e4 h6 4. Bxf6 Qxf6 5. Nc3 Bb4 6. Qd3 d5 7. 0-0-0 Bxc3 8. Qxc3 Qf4+ 9. Kb1 dxe4 10. f3 e3 11. Ne2 Qd6 12. g4 b6 13. Ng3 Bb7 14. Qxe3 Nd7 15. Nf5 Qf8 16. d5 0-0-0 17. dxe6 fxe6 18. Qxe6 Bxf3 19. Bb5 Qf6 20. Bxd7+ Kb8 21. Rdf1 Bxh1 22. Rxh1 Qxe6 23. Bxe6 Rhe8 24. Bc4 Re4 25. b3 Rxg4 26. h4 c6 27. h5 Rg5 28. Ne3 Re8 29. Nd1 Rf8 30. Bd3 a5 31. Nc3 b5 32. a4 Rc5 33. Kb2 bxa4 34. Nxa4 Re5 35. Bg6 Kc7 36. Rd1 Rf4 37. Ka3 Re3 38. Rg1 Kd6 39. Bd3 Re7 40. Rg6+ Rf6 41. Rg4 Re5 42. Bg6 Rg5 43. Rd4+ Rd5 44. Re4 Re5 45. Rh4 Rxg6 46. hxg6 Rg5 47. Nb6 Rxg6 48. Nc4+ Ke6 49. Nxa5 Kf5 50. Rc4 h5 51. Nxc6 Rh6 52. Nd4+ Kg4 53. Ne6+ Kf3 54. Nxg7 h4 55. Nf5 Ra6+ 56. Kb4 h3 57. Rh4 Kg2 58. c4 Rf6 59. Ne3+ Kg3 60. Rxh3+ Kxh3 61. c5 Rf4+ 62. Nc4 Rf8 63. Kb5 1-0

[Event "ISL-chT1 1819"]
[Site "Reykjavik"]
[Date "2019.03.02"]
[Round "9.5"]
[White "Sigurdsson, Snorri Thor"]
[Black "Bergsson, Stefan"]
[Result "0-1"]
[WhiteElo "1958"]
[BlackElo "2175"]
[PlyCount "70"]
[EventDate "2018.11.08"]
[EventType "team-tourn"]
[EventRounds "9"]
[EventCountry "ISL"]
[SourceTitle "CBM 189 Extra"]
[Source "ChessBase"]
[SourceDate "2019.06.03"]
[SourceVersion "1"]
[SourceVersionDate "2019.06.03"]
[SourceQuality "1"]
[WhiteTeam "Skakfelagidj Huginn II"]
[BlackTeam "Skakfelag Akureyrar"]
[WhiteTeamCountry "ISL"]
[BlackTeamCountry "ISL"]

1. d4 Nf6 2. Bg5 d5 3. e3 c5 4. c3 Nc6 5. Nd2 e5 6. dxe5 Nxe5 7. Ngf3 Nxf3+ 8. Nxf3 Be7 9. Bb5+ Kf8 10. Bd3 h6 11. Bh4 g6 12. 0-0 Be6 13. Re1 Kg7 14. e4 dxe4 15. Bxe4 Nxe4 16. Qxd8 Bxd8 17. Bxd8 Nxf2 18. Bh4 Nd3 19. Re2 g5 20. Bg3 Bg4 21. Rd2 Rad8 22. Rad1 c4 23. b3 b5 24. bxc4 Bxf3 25. gxf3 bxc4 26. Be5+ f6 27. Bd4 a6 28. Re2 Rhe8 29. Rxe8 Rxe8 30. Rb1 Re6 31. Rb7+ Kg6 32. Rc7 Kf5 33. Rxc4 Kf4 34. Bf2+ Kxf3 35. Bg3 Rb6 0-1

[Event "Reykjavik Icelandic op"]
[Site "Reykjavik"]
[Date "2018.06.06"]
[Round "7"]
[White "Sigurdsson, Snorri Thor"]
[Black "Heidarsson, Arnar Milutin"]
[Result "1-0"]
[WhiteElo "1964"]
[BlackElo "1657"]
[PlyCount "39"]
[EventDate "2018.06.01"]
[EventType "swiss"]
[EventRounds "10"]
[EventCountry "ISL"]
[SourceTitle "CBM 184 Extra"]
[Source "ChessBase"]
[SourceDate "2018.06.28"]
[SourceVersion "1"]
[SourceVersionDate "2018.06.28"]
[SourceQuality "1"]

1. d4 Nf6 2. Bf4 d5 3. e3 Bf5 4. c4 e6 5. Qb3 b6 6. Nf3 Nh5 7. Bg5 f6 8. Bh4 g5 9. Bg3 Nxg3 10. hxg3 Qe7 11. a3 c6 12. Nc3 Bg7 13. cxd5 exd5 14. Be2 Nd7 15. Nd2 0-0 16. e4 Be6 17. exd5 cxd5 18. Nxd5 Qf7 19. Qd3 Bh8 20. Nc7 1-0

[Event "ISL-chT2 1718"]
[Site "Reykjavik"]
[Date "2017.10.21"]
[Round "2.3"]
[White "Viglundsson, Bjorgvin"]
[Black "Sigurdsson, Snorri Thor"]
[Result "1/2-1/2"]
[WhiteElo "2143"]
[BlackElo "1952"]
[PlyCount "45"]
[EventDate "2017.10.20"]
[EventType "team-tourn"]
[EventRounds "7"]
[EventCountry "ISL"]
[SourceTitle "CBM 181 Extra"]
[Source "ChessBase"]
[SourceDate "2017.12.12"]
[SourceVersion "1"]
[SourceVersionDate "2017.12.12"]
[SourceQuality "1"]
[WhiteTeam "Reykjavik II"]
[BlackTeam "Huginn"]
[WhiteTeamCountry "ISL"]
[BlackTeamCountry "ISL"]

1. d4 d5 2. c4 c6 3. Nf3 e6 4. Qc2 Nf6 5. Bf4 Ne4 6. e3 Nd7 7. Bd3 Bb4+ 8. Nbd2 Nxd2 9. Nxd2 Qa5 10. a3 Bxd2+ 11. Qxd2 Qxd2+ 12. Kxd2 dxc4 13. Bxc4 c5 14. dxc5 Nxc5 15. f3 Ke7 16. Rhd1 f6 17. e4 Bd7 18. b4 Na4 19. Bb3 Rac8 20. Rdc1 Bb5 21. Bxa4 Bxa4 22. Rxc8 Rxc8 23. Rc1 1/2-1/2

[Event "Rhein Main op-A 19th"]
[Site "Bad Homburg"]
[Date "2016.05.28"]
[Round "6"]
[White "Sigurdsson, Snorri Thor"]
[Black "Mertens, Klaus"]
[Result "1/2-1/2"]
[WhiteElo "1915"]
[BlackElo "2072"]
[PlyCount "68"]
[EventDate "2016.05.25"]
[EventType "swiss"]
[EventRounds "7"]
[EventCountry "GER"]
[SourceTitle "EXT 2017"]
[Source "ChessBase"]
[SourceDate "2016.10.25"]
[SourceVersion "1"]
[SourceVersionDate "2016.10.25"]
[SourceQuality "1"]

1. d4 Nf6 2. Bf4 b6 3. e3 Bb7 4. Nf3 g6 5. Be2 Bg7 6. 0-0 0-0 7. h3 d6 8. Nbd2 c5 9. c3 Nbd7 10. Re1 Qc7 11. Rc1 Rac8 12. Bh2 a6 13. b4 Qb8 14. bxc5 bxc5 15. Rb1 Qa7 16. Ng5 h6 17. Ngf3 cxd4 18. cxd4 Rc3 19. Qa4 Rfc8 20. Qb4 Bd5 21. a4 a5 22. Qb5 Rb8 23. Qa6 Qxa6 24. Bxa6 Ra8 25. Bb7 Bxb7 26. Rxb7 Ra3 27. e4 e5 28. Nc4 Rxa4 29. Nxd6 Bf8 30. Nxf7 exd4 31. e5 Nc5 32. Rc7 Ne6 33. Nxh6+ Kh8 34. Nf7+ Kg8 1/2-1/2

[Event "Rhein Main op-A 19th"]
[Site "Bad Homburg"]
[Date "2016.05.27"]
[Round "4"]
[White "Sigurdsson, Snorri Thor"]
[Black "Junker, Christian"]
[Result "1-0"]
[WhiteElo "1915"]
[BlackElo "2013"]
[PlyCount "137"]
[EventDate "2016.05.25"]
[EventType "swiss"]
[EventRounds "7"]
[EventCountry "GER"]
[SourceTitle "EXT 2017"]
[Source "ChessBase"]
[SourceDate "2016.10.25"]
[SourceVersion "1"]
[SourceVersionDate "2016.10.25"]
[SourceQuality "1"]

1. d4 f5 2. Bg5 g6 3. Nd2 Bg7 4. e4 d6 5. Bd3 h6 6. Be3 e6 7. Nh3 Qf6 8. c3 Ne7 9. f4 d5 10. exd5 exd5 11. Nf3 Nd7 12. Qa4 0-0 13. 0-0-0 Nb6 14. Qb3 Nc6 15. Kb1 Na5 16. Qc2 Nac4 17. Bc1 Nd6 18. Nf2 Ne4 19. Rhg1 h5 20. g3 Be6 21. h3 Nd7 22. g4 Nxf2 23. g5 Qf7 24. Qxf2 Rac8 25. Rge1 Rfe8 26. Bc2 c5 27. Ba4 cxd4 28. Nxd4 Bxd4 29. Qxd4 Red8 30. Bxd7 Rxd7 31. Qxa7 d4 32. Rxd4 Bd5 33. Ka1 b5 34. Qb6 Rb7 35. Qd6 Bxa2 36. Be3 Re7 37. Bf2 Rxe1+ 38. Bxe1 Ra8 39. Bf2 Bd5+ 40. Kb1 Be4+ 41. Kc1 Re8 42. Qb6 Bd5 43. Qxb5 Be6 44. Rd6 Kh7 45. Bd4 Kg8 46. Qe5 Kf8 47. Ra6 Bc4 48. Qd6+ Qe7 49. Qf6+ Qxf6 50. Rxf6+ Ke7 51. Rxg6 Kd7 52. Be5 Bb3 53. Rb6 Bc4 54. b3 Be6 55. g6 Ra8 56. Kb2 Bg8 57. c4 Ke7 58. h4 Kd7 59. Rb8 Rxb8 60. Bxb8 Kc6 61. Kc3 Kc5 62. b4+ Kc6 63. b5+ Kc5 64. Ba7+ Kd6 65. Bd4 Kc7 66. Kb4 Kd6 67. Be5+ Kd7 68. c5 Kc8 69. c6 1-0

[Event "ISL-chT2 1516"]
[Site "Reykjavik"]
[Date "2016.03.04"]
[Round "5.4"]
[White "Sigurmundsson, Ulfhedinn"]
[Black "Sigurdsson, Snorri Thor"]
[Result "0-1"]
[WhiteElo "1936"]
[BlackElo "1915"]
[PlyCount "100"]
[EventDate "2015.09.25"]
[EventType "team-tourn"]
[EventRounds "7"]
[EventCountry "ISL"]
[SourceTitle "EXT 2017"]
[Source "ChessBase"]
[SourceDate "2016.10.25"]
[SourceVersion "1"]
[SourceVersionDate "2016.10.25"]
[SourceQuality "1"]
[WhiteTeam "Selfoss"]
[BlackTeam "Huginn III"]
[WhiteTeamCountry "ISL"]
[BlackTeamCountry "ISL"]

1. e4 e6 2. d4 d5 3. Nc3 Nf6 4. e5 Nfd7 5. f4 c5 6. Nf3 Nc6 7. Be3 a6 8. Qd2 b5 9. a3 Bb7 10. Be2 Rc8 11. 0-0 cxd4 12. Nxd4 Nxd4 13. Bxd4 Bc5 14. Rad1 Qb6 15. Kh1 h5 16. Bxc5 Qxc5 17. Ne4 Qb6 18. Nd6+ Ke7 19. Nxc8+ Bxc8 20. f5 Nxe5 21. Qg5+ Kd6 22. Qxg7 Qd8 23. Bf3 Rg8 24. Qh6 Nxf3 25. Rxf3 Qg5 26. Qxg5 Rxg5 27. fxe6 fxe6 28. Rdd3 Bb7 29. Rg3 Re5 30. Rge3 Rg5 31. Kg1 Rg4 32. Rg3 Re4 33. Rde3 d4 34. Rd3 e5 35. c3 Kc5 36. cxd4+ exd4 37. Kf2 a5 38. b3 a4 39. Rg5+ Bd5 40. bxa4 bxa4 41. Rxh5 Kc4 42. Rg3 Rf4+ 43. Ke2 Be4 44. Rh8 Bf5 45. Rb8 d3+ 46. Kd1 Re4 47. Kd2 Re2+ 48. Kd1 Kc3 49. h4 Ra2 50. Rc8+ Bxc8 0-1

[Event "ISL-chT2 1516"]
[Site "Reykjavik"]
[Date "2015.09.26"]
[Round "4.1"]
[White "Thorgeirsson, Sverrir"]
[Black "Sigurdsson, Snorri Thor"]
[Result "1-0"]
[WhiteElo "2255"]
[BlackElo "1956"]
[PlyCount "173"]
[EventDate "2015.09.25"]
[EventType "team-tourn"]
[EventRounds "7"]
[EventCountry "ISL"]
[SourceTitle "EXT 2017"]
[Source "ChessBase"]
[SourceDate "2016.10.25"]
[SourceVersion "1"]
[SourceVersionDate "2016.10.25"]
[SourceQuality "1"]
[WhiteTeam "Haukar"]
[BlackTeam "Huginn III"]
[WhiteTeamCountry "ISL"]
[BlackTeamCountry "ISL"]

1. d4 d5 2. c4 c6 3. Nf3 e6 4. e3 Nf6 5. Nbd2 Nbd7 6. b3 Ne4 7. Nxe4 dxe4 8. Nd2 f5 9. f3 Bd6 10. g3 exf3 11. Qxf3 Nf6 12. Bb2 c5 13. Bg2 0-0 14. 0-0 Rb8 15. Qe2 b6 16. Rad1 Qe7 17. Kh1 Kh8 18. e4 fxe4 19. dxc5 Bxc5 20. Nxe4 Nxe4 21. Rxf8+ Qxf8 22. Bxe4 Bb7 23. Bg2 Bxg2+ 24. Kxg2 Qe7 25. Re1 Rf8 26. Qe5 Rf2+ 27. Kh3 h6 28. Re2 Rxe2 29. Qxe2 Qf7 30. Kg2 Qf5 31. Bc3 a5 32. Be5 h5 33. Bc3 Kh7 34. h3 Kh8 35. Be1 Kh7 36. g4 hxg4 37. hxg4 Qg6 38. Bg3 Bd4 39. Kf3 Bc5 40. Qe4 Qxe4+ 41. Kxe4 Kg6 42. Bh4 Bd6 43. Bd8 Bc5 44. Kf4 Bd6+ 45. Ke3 Bc5+ 46. Ke4 Kf7 47. Ke5 Ke8 48. Bg5 Kd7 49. Bd2 Bd6+ 50. Ke4 Kc6 51. Bc3 g6 52. Be5 Be7 53. Bd4 Bd6 54. Be3 Bc7 55. Bg5 Kd7 56. Bf4 Bd8 57. Be5 Be7 58. Bd4 Bd8 59. Ke5 Ke7 60. c5 Bc7+ 61. Ke4 bxc5 62. Bxc5+ Kf6 63. Be3 Bd6 64. Bd2 Bb4 65. Bf4 Bc5 66. Kd3 Bb4 67. Ke4 Bc5 68. Bc7 Bb4 69. Bd8+ Kf7 70. Kd4 Ke8 71. Bg5 Kd7 72. Bc1 Kd6 73. Bb2 Ke7 74. Ke4 Bd6 75. Bc3 Bb4 76. Bxb4+ axb4 77. g5 Kd6 78. Kd4 e5+ 79. Kc4 Ke6 80. Kxb4 Kf5 81. Kc3 Kxg5 82. b4 Kf4 83. b5 g5 84. b6 g4 85. b7 g3 86. b8Q g2 87. Qb6 1-0

[Event "ISL-chT2 1516"]
[Site "Reykjavik"]
[Date "2015.09.25"]
[Round "1.3"]
[White "Sigurdsson, Snorri Thor"]
[Black "Ragnarsson, Johann Hjortur"]
[Result "1/2-1/2"]
[WhiteElo "1956"]
[BlackElo "2033"]
[PlyCount "114"]
[EventDate "2015.09.25"]
[EventType "team-tourn"]
[EventRounds "7"]
[EventCountry "ISL"]
[SourceTitle "EXT 2017"]
[Source "ChessBase"]
[SourceDate "2016.10.25"]
[SourceVersion "1"]
[SourceVersionDate "2016.10.25"]
[SourceQuality "1"]
[WhiteTeam "Huginn III"]
[BlackTeam "Gardabaer"]
[WhiteTeamCountry "ISL"]
[BlackTeamCountry "ISL"]

1. d4 d5 2. Bf4 c5 3. e4 cxd4 4. Qxd4 Nc6 5. Bb5 dxe4 6. Qxe4 Bd7 7. Nc3 Nf6 8. Qe3 Qa5 9. 0-0-0 a6 10. Bc4 e6 11. Nf3 Be7 12. Kb1 Qb4 13. Bb3 0-0 14. h3 Bc5 15. Qd2 Qa5 16. Ne5 Nxe5 17. Bxe5 Bc6 18. Bxf6 gxf6 19. Qf4 Be7 20. Ne4 Qe5 21. Qxe5 fxe5 22. f3 Bxe4 23. fxe4 Rfd8 24. c3 Kg7 25. Kc2 Kg6 26. Rdf1 Rd7 27. Rf3 Bg5 28. Rf2 Rad8 29. Rhf1 h5 30. g3 Rd2+ 31. Kb1 R8d7 32. a4 Rxf2 33. Rxf2 Rd3 34. Rg2 Re3 35. Bc2 Kf6 36. h4 Bh6 37. g4 hxg4 38. Rxg4 Rf3 39. Rg8 b6 40. a5 bxa5 41. Ra8 Rf1+ 42. Ka2 Rf2 43. Kb1 Rf1+ 44. Ka2 Rc1 45. Bb1 Rh1 46. Rxa6 Rxh4 47. Rxa5 Be3 48. Kb3 Ke7 49. Rxe5 Kd6 50. Ra5 Rf4 51. Ra6+ Kc5 52. Ra5+ Kb6 53. Rh5 Rf2 54. Bc2 Kc6 55. Rh3 Bc5 56. Rh5 Be3 57. Rh3 Bc5 1/2-1/2